zpět

Detail výsledku týmu

Luna Club 07, Teplice

Datum a čas kvízu

25 Celkem bodů Celkový počet nahraných bodů na tomto kvízu bez doplňovacích otázek.
12. Pořadí na kvízu Konečné umístění týmu na tomto kvízu.

Zaznamenané odpovědi

# Otázka Odpověď Body Výsledky
1. Celkem 66 firem minulý týden v... manželství pro všechny 1
2. Papež František přijal v pátek... Sylvester Stallone 1
3. V uplynulém víkendu se konal v... Koza, opice , kocour 0
4. Česká národní banka minulý týd... posílat peníze na telefonní číslo 1
5. Které dvě reprezentace se v ne... Německo a Srbsko 0
6. Podle některých statistik obýv... mamba 1
7. Mezi člověku velmi nebezpečná... A 0
8. Sloni afričtí každoročně zabij... Zoo Dvůr Králové a Zoo Zlín (Lešná) 1
9. Nebezpečným zvířetem, s nímž s... medvěd brtník 0
10. Jedním z nejnebezpečnějších ve... 4 prsty 0